000 00443nam a2200169Ia 4500
008 230711s9999||||xx |||||||||||||| ||und||
041 _aENG
082 _a5
_bMA-P
100 _aMayo,Willam
245 0 _aSchaum's outline of programming with fortran 77
250 _a1st Ed.
260 _c1995
_aNew Delhi
_bTata McGraw Hill Education Limited
300 _a346
650 _aComputer Engineering
700 _aCwiakala Martin
942 _cBK
999 _c3311
_d3311